The forest for the trees government policies and the misuse of forest resources (Record no. 11057)
[ view plain ]
| 000 -LEADER | |
|---|---|
| fixed length control field | 00328nam a22001217a 4500 |
| 040 ## - CATALOGING SOURCE | |
| Transcribing agency | 333 |
| 082 ## - DEWEY DECIMAL CLASSIFICATION NUMBER | |
| Classification number | 333 ROB 1988 C083 |
| 100 ## - MAIN ENTRY--AUTHOR NAME | |
| Personal name | ROBERT REPETTO |
| 245 ## - TITLE STATEMENT | |
| Title | The forest for the trees government policies and the misuse of forest resources |
| 260 ## - PUBLICATION, DISTRIBUTION, ETC. (IMPRINT) | |
| Place of publication | Phnom Penh |
| Name of publisher | ROB |
| Year of publication | 1988 |
| 300 ## - PHYSICAL DESCRIPTION | |
| Number of Pages | 105p. |
| Other physical details | ill. |
| Dimensions | 29cm. |
| 942 ## - ADDED ENTRY ELEMENTS (KOHA) | |
| Koha item type | សៀវភៅភាសាអង់គ្លេស |
| 952 ## - LOCATION AND ITEM INFORMATION (KOHA) | |
| Withdrawn status [LOCAL, KOHA] | 0 |
| Permanent Location | Date acquired | Koha item type | Lost status | Shelving location | Barcode | Current Location | Full call number |
|---|---|---|---|---|---|---|---|
| Library Block C | 2017-02-15 | សៀវភៅភាសាអង់គ្លេស | C188 | A06497 | Library Block C | 333 ROB 1988 C188 |